000 00503nam a2200181Ia 4500
003 OSt
005 20260326133250.0
008 190216s9999||||xx |||||||||||||| ||und||
020 _a9788126427062
040 _coclc
082 _a823.91201
_bWOL/L
100 _aWolf, Virginia
_96085
245 0 _aLokothara Kathakal /
_cVirginia Wolf
260 _bDc Books,
_c2010.
_aKottayam:
300 _a126p
650 _aKathakal
942 _cBK
_2ddc
_h823.91201
_iWOL/L
_k823.91201
_mWOL/L
999 _c29791
_d29791